|
|
|
|
| LEADER |
00000cam a2200000 a 4500 |
| 001 |
vtls008340159 |
| 003 |
SK-MaSNL |
| 005 |
20260301095440.0 |
| 008 |
200228s1961 xr grf 000 0 slo |
| 015 |
|
|
|a SNBA1961/11-02280
|
| 020 |
|
|
|q (brožované)
|
| 035 |
|
|
|a SK01SNK19610032376
|
| 035 |
|
|
|a urn:nbn:sk:snk-am3hz92
|
| 035 |
|
|
|a FE9B6D07-E79D-47B8-9B1F-7486531CC5E6
|
| 035 |
|
|
|a urn:nbn:sk:snk-am00de9h
|
| 035 |
|
|
|a SKM000034839
|
| 040 |
|
|
|a SNK
|b slo
|c SNK
|e AACR2
|
| 041 |
0 |
|
|a slo
|
| 043 |
|
|
|a e-ur---
|
| 044 |
|
|
|a xr
|c CZ
|a xo
|c SK
|
| 080 |
|
|
|a 63
|2 2011
|
| 080 |
|
|
|a (47+57)
|2 2011
|
| 080 |
|
|
|a (035)
|2 2011
|
| 100 |
1 |
|
|a Kettner, Peter
|4 aut
|9 430823
|
| 245 |
1 |
0 |
|a Sovietske poľnohospodárstvo vo výstavbe komunizmu
|c Peter Kettner
|
| 260 |
|
|
|a Praha
|b Svět sovětů
|c 1961
|e Trenčín
|f Západoslovenské tlačiarne
|
| 300 |
|
|
|a 31 strán
|c 21 cm
|
| 366 |
|
|
|e 3000 kusov
|
| 490 |
1 |
|
|a Poznávame Sovietsky sväz
|v 5/1961
|
| 500 |
|
|
|a Názov z obálky
|
| 500 |
|
|
|a Pre funkcionárov SČSP zadarmo
|
| 650 |
0 |
7 |
|a poľnohospodárstvo
|2 SNKPH
|9 679
|
| 651 |
|
7 |
|a Sovietsky zväz
|2 SNKPHgeo
|9 22126
|
| 655 |
|
7 |
|a príručky
|2 SNKPH
|9 74364
|
| 830 |
|
0 |
|a Poznávame Sovietsky sväz
|9 307091
|
| 958 |
|
|
|a TL
|
| 958 |
|
|
|a RK
|
| 958 |
|
|
|a BQ
|
| 999 |
|
|
|c 683147
|d 685077
|
| 952 |
|
|
|a SNK
|b SNK
|y PREZ
|7 0
|p 17A0781006
|o snkSC 7666/1961/5
|i snkKSP 5235/61
|0 0
|1 0
|4 0
|d 2019-08-05
|f 1
|l 0
|r 2025-07-04 00:00:00
|w 2026-02-23
|